Statistics for Towns and cities: guess the region (4)

Click here to take the quiz!

General Stats

  • This quiz has been taken 10 times
  • The average score is 9 of 20

Answer Stats

HintAnswer% Correct
YokohamaKanagawa
100%
BrisbaneQueensland
100%
PalermoSicily
100%
Ciudad JuárezChihuahua
86%
Agios StefanosMykonos
71%
El PasoTexas
71%
JanjanburehCentral River
43%
Al-FashirDarfur
43%
Bishop AucklandDurham
43%
Sweeting CayEast Grand Bahama
43%
MoʻungaʻoneHa'apai
43%
Ulan-UdeBuryatia
29%
Coronel OviedoCaaguazú
29%
Kiryat MotzkinHaifa District
29%
MphepozinaiNtcheu
29%
Kota KinabaluSabah
29%
AkhalkalakiSamtskhe-Javakheti
29%
QonaevAlmaty
14%
KapoetaEastern Equatoria
0%
MukarangeKayonza
0%

Score Distribution

Percentile by Number Answered

Percent of People with Each Score

Your Score History

You have not taken this quiz